000 00586nam a22001697a 4500
020 _qHard Cover.
082 _a200
100 _aHayder, Aneela
245 _aFabrication and Characterization of Polymeric Membranes for Hemodialysis /
_cAneela Hayder.
260 _aIslamabad :
_bSCME - NUST,
_c2016.
300 _ax, 55 p. ill. ;
_c30cm.
650 _aMS-Chemical Engineering.
_9129140
700 _aSupervisor. Arshad Hussain.
_9129141
856 _uhttp://10.250.8.41:8080/xmlui/handle/123456789/19009
942 _2ddc
_cSC
999 _c534400
_d534400